Aplicacin̤ Prc̀tica del Cd̤igo Fiscal 2016

Detalles Bibliográficos
Autor principal: Sǹchez Miranda, Arnulfo
Formato: Libro
Lenguaje:español
Publicado: Mx̌ico Ediciones Fiscales ISEF 2016
Materias:
Acceso en línea:Acceso restringido

MARC

LEADER 00000nam a22000007a 4500
005 20160524163643.0
007 cr|||| ||u|
008 160524s2016 mx ||||| |||| 00||0 spa d
020 |a 978-607-406-804-7 
035 |a 14251 
040 |a vLex  
090 |c 6140  |d 6140 
100 1 |a Sǹchez Miranda, Arnulfo 
245 1 0 |a Aplicacin̤ Prc̀tica del Cd̤igo Fiscal 2016  |h [Recurso electrn̤ico] /  |c Arnulfo Sǹchez Miranda  
256 |a Servicio en ln̕ea  
260 |a Mx̌ico  |b Ediciones Fiscales ISEF  |c 2016 
300 |a 1 recurso electrn̤ico  
500 |a  Esta obra introduce a los estudiantes de licenciatura en el mundo de las contribuciones; cul̀ es su importancia para las finanzas pb︢licas, su fundamento constitucional, sus fuentes; cm̤o nace la relacin̤ tributaria entre las autoridades fiscales y los contribuyentes, as ̕como los derechos y obligaciones para ambos. 
506 1 |a Contenido solo disponible en los productos indicados  |d vLex Global  |d vLex Global (Academic Edition, excluding Law Schools)  |d vLex Global (U.S. Academic Edition, Law Schools)  |d vLex Global (U.S. Academic Edition, excluding Law Schools)  |d vLex Global (Academic Edition, Law Schools) 
650 0 4 |a Derecho fiscal  |z Mx̌ico 
740 0 |a vLex libros (serivico en ln̕ea)  
856 4 0 |u http://vlex.com/source/aplicacion-practica-del-codigo-fiscal-2016-14251  |z Acceso restringido  
942 |c BOOK 
999 0 |a Taxation  |b Mx̌ico